| 000 | 00344pab a2200133 454500 | ||
|---|---|---|---|
| 008 | 180718b xxu||||| |||| 00| 0 eng d | ||
| 100 | _aKamoonpuri, Hasan M | ||
| 245 | _aPrivatisation: a buzz word in India | ||
| 650 | _a Public Sector | ||
| 650 | _a Privatisation | ||
| 650 | _aGovernment Enterprise | ||
| 773 | _aFinancial Express | ||
| 909 | _a2435 | ||
| 999 |
_c2435 _d2435 |
||